[Event "CRO-chT2 Ost"]
[Site "Osijek"]
[Date "2012.04.22"]
[Round "3.43"]
[White "Majeric, Zoran"]
[Black "Stupar, Slavoljub"]
[Result "1-0"]
[WhiteElo "2276"]
[BlackElo "2127"]
[PlyCount "60"]
[EventDate "2012.04.21"]
[EventType "team-tourn"]
[EventRounds "11"]
[EventCountry "CRO"]
[SourceTitle "EXT 2014"]
[Source "ChessBase"]
[SourceDate "2013.11.20"]
[SourceVersion "1"]
[SourceVersionDate "2013.11.20"]
[SourceQuality "1"]

1. e4 c6 2. d3 d5 3. Nd2 e5 4. Ngf3 Bg4 5. h3 Bxf3 6. Nxf3 dxe4 7. dxe4 Qxd1+ 8. Kxd1 f6 9. Be3 Nd7 10. Bc4 Bc5 11. Ke2 Bxe3 12. Kxe3 Nb6 13. Bb3 0-0-0 14. a4 a5 15. Rhb1 Ne7 16. Be6+ Kc7 17. b4 Ra8 18. c3 Ra7 19. Nd2 Rha8 20. Nb3 axb4 21. a5 Nbc8 22. cxb4 Nd6 23. Rd1 Ng6 24. g3 Nf8 25. Bg8 h6 26. Rac1 Nd7 27. Be6 Nf8 28. Bg4 g6 29. Be2 b5 30. axb6+ Kxb6 1-0

[Event "CRO-chT2 Ost"]
[Site "Osijek"]
[Date "2012.04.21"]
[Round "2.43"]
[White "Stupar, Slavoljub"]
[Black "Vujatovic, Dragomir"]
[Result "1/2-1/2"]
[WhiteElo "2127"]
[BlackElo "2088"]
[PlyCount "52"]
[EventDate "2012.04.21"]
[EventType "team-tourn"]
[EventRounds "11"]
[EventCountry "CRO"]
[SourceTitle "EXT 2014"]
[Source "ChessBase"]
[SourceDate "2013.11.20"]
[SourceVersion "1"]
[SourceVersionDate "2013.11.20"]
[SourceQuality "1"]

1. d4 Nf6 2. c4 e6 3. Nf3 d5 4. Nc3 Be7 5. Bg5 h6 6. Bh4 c6 7. e3 a6 8. Bd3 b5 9. cxd5 cxd5 10. 0-0 Bb7 11. Rc1 Nbd7 12. Qe2 0-0 13. Rfd1 Rc8 14. h3 Ne4 15. Bxe7 Nxc3 16. Rxc3 Qxe7 17. Rdc1 Rxc3 18. Rxc3 Nb6 19. Bb1 Rc8 20. Qc2 f5 21. Rxc8+ Bxc8 22. Qc6 Qd8 23. Ne5 Nc4 24. Ng6 Kf7 25. Ne5+ Nxe5 26. dxe5 Qd7 1/2-1/2

[Event "Bizovac Metalis op 12th"]
[Site "Bizovac"]
[Date "2005.02.26"]
[Round "5"]
[White "Biti, Ozren"]
[Black "Stupar, Slavoljub"]
[Result "1-0"]
[WhiteElo "2348"]
[BlackElo "2164"]
[PlyCount "49"]
[EventDate "2005.02.24"]
[EventType "swiss"]
[EventRounds "7"]
[EventCountry "CRO"]
[SourceTitle "CBM 105 Extra"]
[Source "ChessBase"]
[SourceDate "2005.05.01"]
[SourceVersion "1"]
[SourceVersionDate "2005.05.01"]
[SourceQuality "1"]

1. e4 c5 2. Nc3 Nc6 3. Bb5 e6 4. Bxc6 bxc6 5. d3 d6 6. f4 g6 7. Nf3 Bg7 8. 0-0 Ne7 9. Qe1 Qb6 10. Kh1 a5 11. e5 d5 12. Na4 Qb5 13. b3 Nf5 14. c4 Qb8 15. Ba3 0-0 16. Bxc5 h5 17. h3 d4 18. g4 Ne3 19. Qh4 Bb7 20. Rg1 f6 21. gxh5 Nf5 22. Qg4 gxh5 23. Qxh5 Rf7 24. Qg6 fxe5 25. Ng5 1-0

[Event "Zadar op"]
[Site "Zadar"]
[Date "2004.12.13"]
[Round "1.1"]
[White "Delchev, Aleksander"]
[Black "Stupar, Slavoljub"]
[Result "1-0"]
[WhiteElo "2601"]
[BlackElo "2164"]
[PlyCount "79"]
[EventDate "2004.12.13"]
[EventType "swiss"]
[EventRounds "9"]
[EventCountry "CRO"]
[SourceTitle "CBM 103 Extra"]
[Source "ChessBase"]
[SourceDate "2005.01.01"]
[SourceVersion "1"]
[SourceVersionDate "2005.01.01"]
[SourceQuality "1"]

1. e4 e6 2. d4 d5 3. Nd2 Nf6 4. e5 Nfd7 5. Bd3 c5 6. c3 Nc6 7. Ngf3 cxd4 8. cxd4 Qb6 9. 0-0 Be7 10. Re1 0-0 11. Nf1 f5 12. exf6 Nxf6 13. b3 Bb4 14. Re2 Bc3 15. Bb2 Bb4 16. a3 Bd6 17. b4 Bd7 18. N1d2 Qd8 19. Nb3 b6 20. b5 Ne7 21. a4 Nf5 22. Ba3 Bxa3 23. Rxa3 Nd6 24. Nbd2 Rc8 25. Ne5 Be8 26. Re1 Bh5 27. Qb1 h6 28. h3 Qe7 29. Qb4 Rc7 30. a5 Nfe4 31. Bxe4 dxe4 32. axb6 axb6 33. Nxe4 Nxb5 34. Rb3 Qxb4 35. Rxb4 Nc3 36. Nxc3 Rxc3 37. Rxb6 Rc2 38. Rf1 Be2 39. Rfb1 Bc4 40. Rb8 1-0

[Event "Bizovac Metalis op 11th"]
[Site "Bizovac"]
[Date "2004.02.26"]
[Round "2"]
[White "Brkic, Ante"]
[Black "Stupar, Slavoljub"]
[Result "1-0"]
[WhiteElo "2420"]
[BlackElo "2194"]
[PlyCount "63"]
[EventDate "2004.02.26"]
[EventType "swiss"]
[EventRounds "7"]
[EventCountry "CRO"]
[SourceTitle "CBM 098 Extra"]
[Source "ChessBase"]
[SourceDate "2004.03.10"]
[SourceVersion "2"]
[SourceVersionDate "2004.03.10"]
[SourceQuality "1"]

1. e4 c5 2. Nf3 d6 3. d4 cxd4 4. Nxd4 Nf6 5. Nc3 a6 6. Bg5 e6 7. f4 Be7 8. Qf3 Qc7 9. 0-0-0 Nbd7 10. g4 b5 11. Bxf6 gxf6 12. Bd3 Bb7 13. a3 Rb8 14. Rhe1 Qb6 15. Nb3 b4 16. axb4 Qxb4 17. Qe3 Nc5 18. Nxc5 dxc5 19. b3 Bc6 20. Bc4 a5 21. f5 e5 22. Bd5 Bb5 23. Nxb5 Qxb5 24. Qd3 Qb6 25. Bc4 0-0 26. Qd7 Rb7 27. Qa4 Qc7 28. Rd3 Bd6 29. c3 Rfb8 30. Red1 Rd8 31. Kc2 h6 32. h4 1-0

[Event "Budapest FS05 Elo"]
[Site "Budapest"]
[Date "1999.05.04"]
[Round "4"]
[White "Travaglini, Alberto"]
[Black "Stupar, Slavoljub"]
[Result "1/2-1/2"]
[WhiteElo "2196"]
[BlackElo "2200"]
[PlyCount "34"]
[EventDate "1999.05.??"]
[EventType "tourn"]
[EventRounds "10"]
[EventCountry "HUN"]
[SourceTitle "CBM 070 Extra"]
[Source "ChessBase"]
[SourceDate "1999.07.10"]
[SourceVersion "1"]
[SourceVersionDate "1999.07.10"]
[SourceQuality "1"]

1. d4 Nf6 2. Nf3 g6 3. Bf4 Bg7 4. e3 0-0 5. h3 d6 6. Be2 Nbd7 7. 0-0 c6 8. c3 Re8 9. Bh2 Qb6 10. Qb3 Qxb3 11. axb3 a6 12. Nbd2 b5 13. Rfd1 Bb7 14. Ng5 h6 15. Nge4 Nxe4 16. Nxe4 Nf6 17. Nxf6+ Bxf6 1/2-1/2

[Event "Budapest FS06 IM-A"]
[Site "Budapest"]
[Date "1994.??.??"]
[Round "13"]
[White "Acs, Peter"]
[Black "Stupar, Slavoljub"]
[Result "1/2-1/2"]
[WhiteElo "2215"]
[BlackElo "2185"]
[PlyCount "26"]
[EventDate "1994.06.??"]
[EventType "tourn"]
[EventRounds "13"]
[EventCountry "HUN"]
[EventCategory "2"]
[SourceTitle "EXT 1997"]
[Source "ChessBase"]
[SourceDate "1996.11.15"]
[SourceVersion "1"]
[SourceVersionDate "1996.11.15"]
[SourceQuality "1"]

1. d4 d5 2. c4 c6 3. Nf3 Nf6 4. Nc3 dxc4 5. a4 Bf5 6. e3 e6 7. Bxc4 Bb4 8. 0-0 Nbd7 9. Qb3 a5 10. Na2 Be7 11. Qxb7 Rb8 12. Qa6 Ra8 13. Qb7 Rb8 1/2-1/2

[Event "Budapest FS06 IM-A"]
[Site "Budapest"]
[Date "1994.??.??"]
[Round "5"]
[White "Eperjesi, Laszlo"]
[Black "Stupar, Slavoljub"]
[Result "1-0"]
[WhiteElo "2340"]
[BlackElo "2185"]
[PlyCount "53"]
[EventDate "1994.06.??"]
[EventType "tourn"]
[EventRounds "13"]
[EventCountry "HUN"]
[EventCategory "2"]
[SourceTitle "EXT 1997"]
[Source "ChessBase"]
[SourceDate "1996.11.15"]
[SourceVersion "1"]
[SourceVersionDate "1996.11.15"]
[SourceQuality "1"]

1. d4 Nf6 2. c4 g6 3. Nc3 Bg7 4. e4 d6 5. f3 Nbd7 6. Be3 0-0 7. Nh3 e5 8. Be2 exd4 9. Bxd4 Re8 10. 0-0 c6 11. Qd2 Ne5 12. Nf2 d5 13. cxd5 cxd5 14. Bxe5 Rxe5 15. f4 Bh6 16. Qd4 Bxf4 17. Nd3 Rxe4 18. Nxe4 Bxh2+ 19. Kxh2 Nxe4 20. Bf3 Qh4+ 21. Kg1 Bf5 22. Nf2 Re8 23. Rae1 Rd8 24. Nd1 Qg5 25. Ne3 Ng3 26. Nxd5 Nxf1 27. Nf6+ 1-0